|
|
|
|
| LEADER |
00882nam a2200253 4500 |
| 001 |
c000140038 |
| 003 |
CARM |
| 005 |
00000000000000.0 |
| 008 |
740319s1974 iauag b 00110 eng |
| 019 |
1 |
|
|a 523991
|5 LACONCORD2021
|
| 020 |
|
|
|a 0697034100
|
| 035 |
|
|
|a (OCoLC)866079
|5 LACONCORD2021
|
| 050 |
0 |
0 |
|a MT85
|b .L3
|
| 082 |
0 |
0 |
|a 784.9/6
|
| 100 |
1 |
|
|a Lamb, Gordon H.
|
| 245 |
1 |
0 |
|a Choral techniques
|c [by] Gordon H. Lamb.
|
| 260 |
|
|
|a Dubuque, Iowa,
|b W. C. Brown Co.
|c [c1974]
|
| 300 |
|
|
|a xii, 285 p.
|b illus., music.
|c 24 cm.
|
| 504 |
|
|
|a Bibliographies: p. 265-271, 277-279.
|
| 650 |
|
0 |
|a Conducting, Choral.
|
| 650 |
|
0 |
|a Choirs (Music)
|
| 852 |
8 |
|
|b CARM
|h A2:AB31F0
|i C02391
|p 0092919
|f BK
|
| 999 |
f |
f |
|i 16d9da49-ec34-5955-bd95-6b864b187752
|s 49c7c314-0751-5032-b15b-44a9476cf188
|
| 952 |
f |
f |
|p Can circulate
|a CAVAL
|b CAVAL
|c CAVAL
|d CARM 1 Store
|e C02391
|f A2:AB31F0
|h Other scheme
|i book
|m 0092919
|